000
00336nam a2200145Ia 4500
100
_a
herrick/ C.N.
650
_a
Electrical Engineering
942
_c
BK
654
_a
television
245
_a
Television troubleshooting
260
_b
D.B.Taraporevala & Sons
_a
Bombay
_c
1979
082
_a
621.38
300
_a
230
546
_a
ENGLISH
999
_c
34931
_d
34931